Länder nach Bauernparteien - Statistiken

Allgemein
  • Dieses Quiz wurde 6 mal gespielt
  • Das Durchschnittsergebnis liegt bei 20 aus 31
Antwortstatistiken
Parteien Länder % Korrekt
Bayerischer Bauernbund, Bund der Landwirte Deutschland
100%
Bauern-, Gewerbe- und Bürgerpartei Schweiz
100%
Farmer-Labor Party, Free Soil Party Vereinigte Staaten
100%
Sambandsflokkurin, Venstre Dänemark
80%
Farmers’ Party Irland
80%
BoerBurgerBeweging, Boerenpartij, Plattelandersbond Niederlande
80%
Landbund Österreich
80%
Polskie Stronnictwo Ludowe, Samoobrona Polen
80%
Agrarpartei, Trudowiki Russland
80%
Centerpartiet/Bondeförbundet, Schweden
80%
Partia Agrare Ambientaliste e Shqipërisë, Partia e Gjelbër Albanien
60%
BoerBurgerBelangen Belgien
60%
Hrvatska seljačka stranka Bosnien und Herzegowina
60%
_ Semedelski Naroden Sajus, _ Semedelski Naroden Sajus Aleksandar Stambolijski Bulgarien
60%
Bund der Landwirte, _ Rahvaliit Estland
60%
Agrarunion, Åländsk Center, Bauernpartei, _ Zentrumspartei Finnland
60%
Bharatiya Jan Kisan Party, Dalit Mazdoor Kishan Party Indien
60%
Fortschrittspartei, Zentrumspartei Island
60%
_ Bauernpartei Kroatien
60%
Bauernverband Lettland
60%
Bauernpartei Litauen
60%
Senterpartiet Norwegen
60%
Luzon Farmers Party Butil Philippinen
60%
Front der Pflüger, Nationale Bauernpartei Rumänien
60%
Bauernpartei, Nationale Bauernpartei Serbien
60%
_ Demokratische Bauernpartei Ukraine
60%
Unabhängige Partei der Kleinlandwirte, der Landarbeiter und des Bürgertums Ungarn
60%
Agrarnaya Partya _ Belarus
40%
_ Bauernpartei Indonesien
40%
_ Agrarlyk Partiyasi Kasachstan
40%
Bauernpartei Taiwan
40%
Keine übereinstimmenden Quizze gefunden
Verteilung der Resultate
Anzahl Personen mit jedem Resultat
Perzentil nach korrekt beantworteten Fragen
Ihre Resultats-Entwicklung
Sie haben dieses Quiz noch nicht gespielt